[Event "Sada Coruna op"]
[Site "Sada"]
[Date "2022.09.11"]
[Round "9"]
[White "Martinez Reyes, Pedro Ramon"]
[Black "Lopez Gonzalez, Alfonso"]
[Result "1/2-1/2"]
[WhiteElo "2386"]
[BlackElo "2264"]
[PlyCount "28"]
[EventDate "2022.09.04"]
[EventType "swiss"]
[EventRounds "9"]
[EventCountry "ESP"]
[SourceTitle "CBM 210 Extra"]
[Source "ChessBase"]
[SourceDate "2022.11.30"]
[SourceVersion "1"]
[SourceVersionDate "2022.11.30"]
[SourceQuality "1"]

1. e4 e6 2. d4 d5 3. Nd2 Be7 4. Ngf3 Nf6 5. Bd3 c5 6. exd5 Qxd5 7. dxc5 Nbd7 8. Nb3 Nxc5 9. Nxc5 Qxc5 10. 0-0 0-0 11. Qe2 b6 12. Be3 Qc7 13. Bd4 Bb7 14. Ne5 Qd8 1/2-1/2

[Event "Maia op 6th"]
[Site "Maia"]
[Date "2022.08.28"]
[Round "4"]
[White "Lopez Gonzalez, Alfonso"]
[Black "Arenas Vanegas, David"]
[Result "0-1"]
[WhiteElo "2261"]
[BlackElo "2421"]
[PlyCount "92"]
[EventDate "2022.08.26"]
[EventType "swiss"]
[EventRounds "9"]
[EventCountry "POR"]
[SourceTitle "CBM 210 Extra"]
[Source "ChessBase"]
[SourceDate "2022.11.30"]
[SourceVersion "1"]
[SourceVersionDate "2022.11.30"]
[SourceQuality "1"]

1. d4 Nf6 2. c4 g6 3. Nc3 Bg7 4. e4 d6 5. h3 0-0 6. Be3 e5 7. d5 a5 8. Bd3 Na6 9. Nge2 c6 10. g4 Nc5 11. Bc2 cxd5 12. cxd5 Bd7 13. a3 a4 14. Ng3 Qa5 15. 0-0 Rfc8 16. f3 Be8 17. Rf2 b5 18. Na2 Nfd7 19. Nf1 Qd8 20. Rh2 Bf6 21. Nb4 Nb6 22. Nd2 Bg5 23. Qe2 Bf4 24. Bxf4 exf4 25. e5 Na6 26. Nc6 Bxc6 27. dxc6 Rxc6 28. Bd3 dxe5 29. Bxb5 Qd4+ 30. Rf2 Rc2 31. Bxa6 Rxa6 32. Qxa6 Rxd2 33. Raf1 e4 34. fxe4 Qe3 35. Qb7 Qg3+ 36. Kh1 Qxh3+ 37. Kg1 Qxg4+ 38. Kh1 Qh3+ 39. Kg1 Qg3+ 40. Kh1 Rxf2 41. Qb8+ Kg7 42. Qe5+ Kh6 43. Rxf2 Qxf2 44. Qf6 Qf3+ 45. Kh2 Qg3+ 46. Kh1 f3 0-1

[Event "Merida World Heritage op 2nd"]
[Site "Merida"]
[Date "2022.08.03"]
[Round "3"]
[White "Lopez Gonzalez, Alfonso"]
[Black "Shyam, Nikil P"]
[Result "0-1"]
[WhiteElo "2261"]
[BlackElo "2465"]
[PlyCount "102"]
[EventDate "2022.08.02"]
[EventType "swiss"]
[EventRounds "9"]
[EventCountry "ESP"]
[SourceTitle "CBM 209 Extra"]
[Source "ChessBase"]
[SourceDate "2022.09.30"]
[SourceVersion "1"]
[SourceVersionDate "2022.09.30"]
[SourceQuality "1"]

1. d4 Nf6 2. c4 b6 3. Nc3 Bb7 4. Nf3 e6 5. g3 Bb4 6. Bg2 0-0 7. 0-0 Re8 8. Qc2 Bxc3 9. Qxc3 d6 10. Rd1 a5 11. b3 Nbd7 12. Bb2 Qe7 13. e3 Ra7 14. a3 h6 15. b4 axb4 16. axb4 Rea8 17. Rxa7 Rxa7 18. d5 e5 19. Nd2 b5 20. e4 Nb6 21. cxb5 Na4 22. Qe3 Ra8 23. Bc1 Qe8 24. Qd3 Bc8 25. Nb3 Bd7 26. Na5 Bxb5 27. Qc2 Nc5 28. Re1 Nd3 29. Rd1 Nxb4 30. Qxc7 Be2 31. Re1 Rc8 32. Qb7 Nd3 33. Nc6 Rxc6 34. dxc6 Nxe1 35. Bh3 Nf3+ 36. Kg2 Ne1+ 37. Kg1 Nf3+ 38. Kg2 Nd4 39. c7 Bf3+ 40. Kf1 Qa4 41. c8Q+ Ne8 42. Qxe8+ Qxe8 43. Bg2 Be2+ 44. Kg1 Qa4 45. Qc8+ Kh7 46. h3 Ba6 47. Qa8 Qd1+ 48. Kh2 Ne2 49. h4 Qg1+ 50. Kh3 Qxf2 51. Qxa6 Qxg3# 0-1

[Event "Galicia-ch"]
[Site "Padron"]
[Date "2021.04.01"]
[Round "1"]
[White "Lopez Gonzalez, Alfonso"]
[Black "Gonzalez Maestro, Adrian"]
[Result "1-0"]
[WhiteElo "2254"]
[BlackElo "1590"]
[PlyCount "69"]
[EventDate "2021.04.01"]
[EventType "swiss"]
[EventRounds "8"]
[EventCountry "ESP"]
[SourceTitle "CBM 201 Extra"]
[Source "ChessBase"]
[SourceDate "2021.05.31"]
[SourceVersion "1"]
[SourceVersionDate "2021.05.31"]
[SourceQuality "1"]

1. d4 Nf6 2. c4 g6 3. Nc3 d5 4. cxd5 Nxd5 5. e4 Nxc3 6. bxc3 Bg7 7. Bc4 c5 8. Ne2 0-0 9. 0-0 cxd4 10. cxd4 Nc6 11. Be3 Na5 12. Bb3 Nxb3 13. Qxb3 b6 14. Rfd1 Bb7 15. f3 Qd7 16. a4 Rfc8 17. Qd3 Rc7 18. a5 Rac8 19. axb6 axb6 20. Rab1 b5 21. Qxb5 Bc6 22. Qb4 Rb7 23. Qd2 Ba4 24. Rdc1 Rxc1+ 25. Rxc1 h5 26. Nc3 Rb4 27. Nd5 Rb3 28. Bg5 Qa7 29. Bxe7 Qxd4+ 30. Qxd4 Bxd4+ 31. Kh1 Be3 32. Rc8+ Kh7 33. Nf6+ Kh6 34. Rh8+ Kg5 35. Nd5+ 1-0

[Event "POR-chT"]
[Site "Penafiel"]
[Date "2020.08.26"]
[Round "7.1"]
[White "Perez Candelario, Manuel"]
[Black "Lopez Gonzalez, Alfonso"]
[Result "1-0"]
[WhiteElo "2612"]
[BlackElo "2222"]
[PlyCount "69"]
[EventDate "2020.08.22"]
[EventType "team-tourn"]
[EventRounds "9"]
[EventCountry "POR"]
[SourceTitle "CBM 198 Extra"]
[Source "ChessBase"]
[SourceDate "2020.11.30"]
[SourceVersion "1"]
[SourceVersionDate "2020.11.30"]
[SourceQuality "1"]
[WhiteTeam "Montemor o Novo"]
[BlackTeam "Amanha da Crianca"]
[WhiteTeamCountry "POR"]
[BlackTeamCountry "POR"]

1. e4 e6 2. d4 d5 3. Nd2 Be7 4. c3 c5 5. dxc5 Nf6 6. exd5 Qxd5 7. b4 a5 8. Ngf3 Nc6 9. Bc4 Qh5 10. Rb1 0-0 11. 0-0 e5 12. b5 Nd8 13. Re1 Bxc5 14. Rxe5 Bxf2+ 15. Kh1 Bf5 16. Bd3 Bxd3 17. Rxh5 Nxh5 18. Rb2 Bg6 19. Nb3 Bb6 20. Qd6 Nc6 21. Rd2 Rad8 22. Qa3 Na7 23. c4 Rc8 24. Qd6 Bc7 25. Qd4 b6 26. Bb2 Rfe8 27. Qf2 Bf4 28. Re2 Rxe2 29. Qxe2 Rd8 30. Nbd4 Bd6 31. Nc6 Nxc6 32. bxc6 Nf4 33. Qe3 Bc7 34. Bd4 Rb8 35. Be5 1-0

[Event "POR-chT"]
[Site "Penafiel"]
[Date "2020.08.25"]
[Round "5.1"]
[White "Lopez Gonzalez, Alfonso"]
[Black "Grigoryan, Karen H"]
[Result "0-1"]
[WhiteElo "2222"]
[BlackElo "2665"]
[PlyCount "80"]
[EventDate "2020.08.22"]
[EventType "team-tourn"]
[EventRounds "9"]
[EventCountry "POR"]
[SourceTitle "CBM 198 Extra"]
[Source "ChessBase"]
[SourceDate "2020.11.30"]
[SourceVersion "1"]
[SourceVersionDate "2020.11.30"]
[SourceQuality "1"]
[WhiteTeam "Amanha da Crianca"]
[BlackTeam "Dias Ferreira"]
[WhiteTeamCountry "POR"]
[BlackTeamCountry "POR"]

1. d4 Nf6 2. c4 e6 3. Nc3 Bb4 4. Qc2 0-0 5. Nf3 d6 6. Bg5 Nbd7 7. e3 h6 8. Bxf6 Nxf6 9. Bd3 Re8 10. 0-0 e5 11. Ne4 Nxe4 12. Bxe4 c6 13. a3 Ba5 14. b4 Bc7 15. d5 c5 16. bxc5 dxc5 17. Bd3 Qd6 18. e4 g6 19. Rfe1 Bd7 20. Rab1 b6 21. g3 Rf8 22. Nh4 Rae8 23. f3 Bd8 24. Ng2 f5 25. Rf1 f4 26. g4 h5 27. h3 Kg7 28. Qc3 Qf6 29. Rf2 Rh8 30. Bf1 Rh7 31. Rd2 hxg4 32. hxg4 Rh3 33. Rd3 Reh8 34. Kf2 Rh1 35. Rb2 R8h2 36. Ke1 Qh4+ 37. Ke2 Qg3 38. Rdd2 Rxg2+ 39. Bxg2 Qxg2+ 40. Kd3 Qxf3+ 0-1

[Event "Guimaraes op 3rd"]
[Site "Guimaraes"]
[Date "2019.09.01"]
[Round "7"]
[White "Lopez Gonzalez, Alfonso"]
[Black "Sismeiro, Miguel"]
[Result "1-0"]
[WhiteElo "2219"]
[BlackElo "2054"]
[PlyCount "155"]
[EventDate "2019.08.28"]
[EventType "swiss"]
[EventRounds "7"]
[EventCountry "POR"]
[SourceTitle "EXT 2020"]
[Source "ChessBase"]
[SourceDate "2019.10.17"]
[SourceVersion "1"]
[SourceVersionDate "2019.10.17"]
[SourceQuality "1"]

1. d4 Nf6 2. c4 g6 3. Nc3 d5 4. cxd5 Nxd5 5. e4 Nxc3 6. bxc3 Bg7 7. Bc4 0-0 8. Ne2 Nc6 9. 0-0 b6 10. Be3 Bb7 11. f3 Na5 12. Bd3 e5 13. d5 c5 14. c4 Bc8 15. Nc1 Nb7 16. Nb3 Nd6 17. a4 a5 18. Nd2 f5 19. Rb1 f4 20. Bf2 g5 21. h3 h5 22. Be2 Bd7 23. Re1 Rb8 24. Kf1 Qe8 25. Ra1 Qg6 26. Qb3 Kf7 27. Bd1 g4 28. hxg4 hxg4 29. fxg4 Bxg4 30. Bf3 Ke7 31. Qd3 Rh8 32. Ke2 Rh2 33. Rg1 Kd7 34. g3 Bxf3+ 35. Qxf3 Qf6 36. gxf4 Bh6 37. Rh1 Rxf2+ 38. Qxf2 Rf8 39. Qh4 Bxf4 40. Qxf6 Rxf6 41. Raf1 Rg6 42. Rfg1 Rxg1 43. Rxg1 Bxd2 44. Rg7+ Kd8 45. Kxd2 Nxc4+ 46. Kc3 Nd6 47. Kd3 c4+ 48. Ke3 c3 49. Kd3 c2 50. Rg1 Nb7 51. Kxc2 Nc5 52. Rg5 Nxe4 53. Rxe5 Nc5 54. Kc3 Nxa4+ 55. Kc4 Kd7 56. Re6 Kc7 57. Rc6+ Kd7 58. Kb5 Nb2 59. Rxb6 Nd3 60. Kc4 Ne5+ 61. Kd4 Nf3+ 62. Kc5 Ne5 63. Rb7+ Kc8 64. Ra7 Nd7+ 65. Kd4 Nb6 66. Rxa5 Kc7 67. Rc5+ Kd7 68. Rc1 Nc8 69. Rh1 Ne7 70. Ra1 Nc8 71. Ke5 Nb6 72. Ra7+ Kd8 73. Rh7 Nc4+ 74. Ke6 Kc8 75. d6 Nb6 76. d7+ Kc7 77. Rh8 Nxd7 78. Rh7 1-0

[Event "Guimaraes op 3rd"]
[Site "Guimaraes"]
[Date "2019.08.29"]
[Round "3"]
[White "Lopez Gonzalez, Alfonso"]
[Black "Bertomeu Ginestar, Antoni"]
[Result "1-0"]
[WhiteElo "2219"]
[BlackElo "1883"]
[PlyCount "77"]
[EventDate "2019.08.28"]
[EventType "swiss"]
[EventRounds "7"]
[EventCountry "POR"]
[SourceTitle "EXT 2020"]
[Source "ChessBase"]
[SourceDate "2019.10.17"]
[SourceVersion "1"]
[SourceVersionDate "2019.10.17"]
[SourceQuality "1"]

1. d4 Nf6 2. c4 g6 3. Nc3 Bg7 4. e4 d6 5. h3 0-0 6. Bd3 Nc6 7. d5 Nd4 8. Nge2 e5 9. 0-0 Re8 10. f3 c5 11. Bg5 h6 12. Bh4 Qd7 13. Qd2 Kh7 14. Rab1 Nh5 15. g4 Nf6 16. Kg2 Ng8 17. Bg3 g5 18. Bf2 Nxe2 19. Nxe2 Ne7 20. h4 f6 21. h5 Qc7 22. b4 b6 23. Nc3 a6 24. Na4 Bd7 25. Nxb6 Qxb6 26. bxc5 Qd8 27. cxd6 Nc8 28. c5 Bf8 29. Qb4 Kh8 30. Rfc1 Kg7 31. Qa3 a5 32. Rb7 Kh8 33. Rcb1 Kg8 34. Rb8 Rxb8 35. Rxb8 Kh8 36. Be1 a4 37. Bb4 Kg8 38. Qc3 f5 39. exf5 1-0

[Event "Pontevedra op 7th"]
[Site "Pontevedra"]
[Date "2019.08.13"]
[Round "8"]
[White "Lopez Gonzalez, Alfonso"]
[Black "Bottazzi, Ulysse"]
[Result "1/2-1/2"]
[WhiteElo "2219"]
[BlackElo "2075"]
[PlyCount "62"]
[EventDate "2019.08.08"]
[EventType "swiss"]
[EventRounds "9"]
[EventCountry "ESP"]
[SourceTitle "EXT 2020"]
[Source "ChessBase"]
[SourceDate "2019.10.17"]
[SourceVersion "1"]
[SourceVersionDate "2019.10.17"]
[SourceQuality "1"]

1. d4 Nf6 2. c4 g6 3. Nc3 Bg7 4. e4 d6 5. h3 0-0 6. Bd3 Nc6 7. d5 Nd4 8. Nge2 e5 9. Nxd4 exd4 10. Ne2 Re8 11. f3 Nd7 12. 0-0 c5 13. Bf4 Ne5 14. Bxe5 Bxe5 15. f4 Bg7 16. Ng3 Bd7 17. Qc2 Rb8 18. a4 a6 19. Qf2 Qc7 20. b3 b5 21. axb5 axb5 22. Rae1 bxc4 23. Bxc4 Bb5 24. e5 Bxc4 25. exd6 Qxd6 26. bxc4 f5 27. Rxe8+ Rxe8 28. Re1 Rxe1+ 29. Qxe1 Bf8 30. Qe5 Qa6 31. Nf1 Qxc4 1/2-1/2

[Event "ESP-ch rapid"]
[Site "Linares"]
[Date "2018.08.19"]
[Round "6"]
[White "Lopez Gonzalez, Alfonso"]
[Black "Vazquez Pino, Miguel Angel"]
[Result "0-1"]
[WhiteElo "2063"]
[BlackElo "1909"]
[PlyCount "44"]
[EventDate "2018.08.19"]
[EventType "swiss (rapid)"]
[EventRounds "9"]
[EventCountry "ESP"]
[SourceTitle "CBM 186 Extra"]
[Source "ChessBase"]
[SourceDate "2018.08.24"]
[SourceVersion "1"]
[SourceVersionDate "2018.08.24"]
[SourceQuality "1"]

1. d4 Nf6 2. c4 e6 3. Nc3 Bb4 4. Qc2 0-0 5. e4 d5 6. e5 Ne4 7. Bd3 c5 8. a3 Bxc3+ 9. bxc3 cxd4 10. cxd4 Qa5+ 11. Kf1 Nc6 12. Ne2 Nb4 13. axb4 Qxa1 14. f3 Bd7 15. fxe4 dxc4 16. Bxc4 Rac8 17. Qa2 Qxa2 18. Bxa2 Bb5 19. Kf2 Rc2 20. Bb3 Rxe2+ 21. Kf3 Rc8 22. Ba4 Rc3+ 0-1

[Event "Almansa op-A 13th"]
[Site "Almansa"]
[Date "2018.08.02"]
[Round "1.1"]
[White "Lopez Gonzalez, Alfonso"]
[Black "Valmana Canto, Jaime"]
[Result "0-1"]
[WhiteElo "2063"]
[BlackElo "2338"]
[PlyCount "132"]
[EventDate "2018.08.02"]
[EventType "swiss"]
[EventRounds "7"]
[EventCountry "ESP"]
[SourceTitle "EXT 2024"]
[Source "ChessBase"]
[SourceDate "2023.10.10"]
[SourceVersion "1"]
[SourceVersionDate "2023.10.10"]
[SourceQuality "1"]

1. d4 Nf6 2. c4 g6 3. Nc3 Bg7 4. e4 d6 5. Bd3 0-0 6. h3 Nc6 7. Nge2 e5 8. d5 Nd4 9. Nxd4 exd4 10. Ne2 Re8 11. f3 c5 12. 0-0 Bd7 13. b4 cxb4 14. Bb2 Nh5 15. g4 Qh4 16. Qe1 Qxh3 17. gxh5 Re5 18. Qg3 Qxh5 19. f4 Rxe4 20. Bxe4 Qxe2 21. Qg2 Qxc4 22. f5 Re8 23. fxg6 fxg6 24. Qf3 Re7 25. Bd3 Qc8 26. Rae1 Be5 27. Rc1 Qd8 28. Rf2 Bg7 29. Re2 Rf7 30. Qg2 Rf4 31. Rce1 Be5 32. Re4 Qh4 33. R1e2 Bg4 34. Rf2 Rxf2 35. Qxf2 Qxf2+ 36. Kxf2 Bf5 37. Kf3 a5 38. Bb5 Bxe4+ 39. Kxe4 Kf7 40. Bc1 Kf6 41. Bd7 h5 42. Bd2 Ke7 43. Be6 b5 44. Bc8 h4 45. Ba6 h3 46. Kf3 Kf6 47. Bxb5 h2 48. Kg2 g5 49. Bd3 Bf4 50. Bxf4 gxf4 51. Kxh2 Ke5 52. Kg2 Kxd5 53. Kf3 Ke5 54. Kf2 a4 55. Kf3 a3 56. Bc2 d3 57. Bb3 d5 58. Ba4 Kd4 59. Kxf4 Kc3 60. Kf3 Kb2 61. Bb3 Kc1 62. Ke3 d2 63. Ke2 d4 64. Ba4 d3+ 65. Kxd3 d1Q+ 66. Bxd1 Kxd1 0-1

[Event "Xativa Murta op 4th"]
[Site "Xativa"]
[Date "2018.07.19"]
[Round "6"]
[White "Lopez Gonzalez, Alfonso"]
[Black "Gomar Juan, Miguel"]
[Result "1-0"]
[WhiteElo "2041"]
[BlackElo "1824"]
[PlyCount "99"]
[EventDate "2018.07.16"]
[EventType "swiss"]
[EventRounds "7"]
[EventCountry "ESP"]
[SourceTitle "CBM 185 Extra"]
[Source "ChessBase"]
[SourceDate "2018.07.29"]
[SourceVersion "1"]
[SourceVersionDate "2018.07.29"]
[SourceQuality "1"]

1. d4 f5 2. c4 e6 3. Nf3 Nf6 4. Nc3 Be7 5. g3 d6 6. Bg2 0-0 7. 0-0 Qe8 8. Re1 d5 9. c5 c6 10. Bf4 Nbd7 11. Ne5 h6 12. Nxd7 Bxd7 13. Be5 Ng4 14. f4 Nxe5 15. fxe5 f4 16. Qd3 Qh5 17. Rf1 Bg5 18. Rf3 fxg3 19. hxg3 Rxf3 20. exf3 Rf8 21. f4 Bd8 22. Bf3 Qh3 23. Kf2 Qh2+ 24. Bg2 Qh5 25. Rh1 Qf5 26. Qxf5 Rxf5 27. Ke3 Rf8 28. b4 Kh7 29. Bf1 g5 30. Bd3+ Kg7 31. b5 Be7 32. bxc6 Bxc6 33. Nb5 Bxb5 34. Bxb5 Rd8 35. Be2 Rc8 36. Rb1 Rc7 37. a4 Bd8 38. Bg4 Re7 39. Bxe6 gxf4+ 40. gxf4 Rxe6 41. f5 Bg5+ 42. Kd3 Ra6 43. Rxb7+ Kf8 44. Rd7 Rxa4 45. Rxd5 Ra3+ 46. Kc4 a6 47. c6 Bd2 48. Rd7 Ba5 49. Kd5 Ke8 50. Rh7 1-0

[Event "ESP-ch U14"]
[Site "Granada"]
[Date "2016.07.11"]
[Round "2"]
[White "Lopez Gonzalez, Alfonso"]
[Black "Fernandez Garcia, Gumersindo"]
[Result "1/2-1/2"]
[WhiteElo "1864"]
[BlackElo "1623"]
[PlyCount "110"]
[EventDate "2016.07.11"]
[EventType "swiss"]
[EventRounds "9"]
[EventCountry "ESP"]
[SourceTitle "EXT 2024"]
[Source "ChessBase"]
[SourceDate "2023.10.10"]
[SourceVersion "1"]
[SourceVersionDate "2023.10.10"]
[SourceQuality "1"]

1. d4 d5 2. c4 c6 3. e3 Bf5 4. Nc3 e6 5. Nf3 Nf6 6. Be2 Bd6 7. 0-0 Nbd7 8. b3 0-0 9. Bd3 Ne4 10. Bb2 Nxc3 11. Bxc3 Bxd3 12. Qxd3 f5 13. Nd2 Nf6 14. f3 Qc7 15. f4 Ne4 16. c5 Be7 17. b4 a6 18. a4 Kh8 19. Rab1 g5 20. g3 g4 21. Rb3 Nxd2 22. Bxd2 h5 23. Rfb1 h4 24. b5 axb5 25. axb5 hxg3 26. hxg3 Rf6 27. bxc6 bxc6 28. Rb7 Qd8 29. Qb3 Rf8 30. Qb6 Qe8 31. Qc7 Ra2 32. Qxe7 Qxe7 33. Rxe7 Rxd2 34. Rxe6 Ra8 35. Rxc6 Re2 36. Rh6+ Kg7 37. Rh2 Rxe3 38. Rg2 Rd3 39. Rc1 Rxd4 40. c6 Rc8 41. Rgc2 Kf7 42. Kf2 Re4 43. Rc5 Ke6 44. c7 Rc4 45. R5xc4 dxc4 46. Rxc4 Kd6 47. Rd4+ Ke6 48. Rc4 Kd6 49. Rd4+ Ke6 50. Ra4 Rxc7 51. Ra6+ Kd5 52. Ra5+ Rc5 53. Ra2 Ke4 54. Re2+ Kd4 55. Rd2+ Kc4 1/2-1/2

[Event "Galego-ch U14"]
[Site "Viveiro"]
[Date "2016.02.08"]
[Round "5.1"]
[White "Lopez Gonzalez, Alfonso"]
[Black "Gomez Carreno, Martin"]
[Result "1-0"]
[WhiteElo "1821"]
[BlackElo "1868"]
[PlyCount "71"]
[EventDate "2016.02.06"]
[EventType "swiss"]
[EventRounds "8"]
[EventCountry "ESP"]
[SourceTitle "EXT 2024"]
[Source "ChessBase"]
[SourceDate "2023.10.10"]
[SourceVersion "1"]
[SourceVersionDate "2023.10.10"]
[SourceQuality "1"]

1. d4 d5 2. c4 e6 3. Nc3 c6 4. Bf4 f5 5. e3 Nf6 6. Nf3 Be7 7. Bd3 0-0 8. Qc2 Ne4 9. g4 Na6 10. a3 Nc7 11. gxf5 exf5 12. cxd5 Nxd5 13. Nxd5 cxd5 14. Rc1 Qa5+ 15. Ke2 b6 16. Ne5 Bb7 17. f3 Rac8 18. Qd1 Rxc1 19. Qxc1 Rc8 20. Qd1 Bxa3 21. fxe4 Bxb2 22. exf5 Rc1 23. Qxc1 Bxc1 24. Rxc1 Ba6 25. Bxa6 Qxa6+ 26. Kf2 Kf8 27. Rc7 b5 28. Bg5 h6 29. Ng6+ Kg8 30. Rc8+ Qxc8 31. Ne7+ Kf7 32. Nxc8 hxg5 33. Nd6+ Kf6 34. Nxb5 Kxf5 35. Nxa7 Ke4 36. Nb5 1-0

[Event "Galego-ch U14"]
[Site "Viveiro"]
[Date "2016.02.08"]
[Round "6.1"]
[White "Pena Varela, Martin"]
[Black "Lopez Gonzalez, Alfonso"]
[Result "1/2-1/2"]
[WhiteElo "1687"]
[BlackElo "1821"]
[PlyCount "59"]
[EventDate "2016.02.06"]
[EventType "swiss"]
[EventRounds "8"]
[EventCountry "ESP"]
[SourceTitle "EXT 2024"]
[Source "ChessBase"]
[SourceDate "2023.10.10"]
[SourceVersion "1"]
[SourceVersionDate "2023.10.10"]
[SourceQuality "1"]

1. e4 e6 2. d4 d5 3. Bd3 Nf6 4. e5 Nfd7 5. Nf3 c5 6. c3 Nc6 7. 0-0 Be7 8. Bc2 a6 9. a4 b6 10. Bf4 Bb7 11. Qd2 Nf8 12. Qe3 Ng6 13. Bxg6 hxg6 14. Nbd2 a5 15. Rfd1 cxd4 16. Nxd4 Nxd4 17. cxd4 Qd7 18. b3 Rc8 19. Rac1 0-0 20. Nb1 Rxc1 21. Rxc1 Bb4 22. Nc3 Bxc3 23. Rxc3 Rc8 24. Rxc8+ Qxc8 25. Qc1 Qxc1+ 26. Bxc1 Ba6 27. Bd2 Bd3 28. b4 axb4 29. Bxb4 Bc2 30. a5 1/2-1/2